Conservation tillage systems and water productivity implications for smallholder farmers in semi-arid Ethiopia (Record no. 11626)

MARC details
000 -LEADER
fixed length control field 02075nam a2200349Ia 4500
001 - CONTROL NUMBER
control field TAF00SW9469PDF
003 - CONTROL NUMBER IDENTIFIER
control field BD-DhSAU
005 - DATE AND TIME OF LATEST TRANSACTION
control field 20151012144304.0
006 - FIXED-LENGTH DATA ELEMENTS--ADDITIONAL MATERIAL CHARACTERISTICS
fixed length control field m|||||o||d||||||||
007 - PHYSICAL DESCRIPTION FIXED FIELD--GENERAL INFORMATION
fixed length control field cr||||
008 - FIXED-LENGTH DATA ELEMENTS--GENERAL INFORMATION
fixed length control field 100921s2007 ne abd sbm 000 0 eng d
020 ## - INTERNATIONAL STANDARD BOOK NUMBER
International Standard Book Number 9781439828540 (ebook : PDF)
040 ## - CATALOGING SOURCE
Original cataloging agency BD-DhSAU
Transcribing agency BD-DhSAU
043 ## - GEOGRAPHIC AREA CODE
Geographic area code f-et---
090 ## - LOCALLY ASSIGNED LC-TYPE CALL NUMBER (OCLC); LOCAL CALL NUMBER (OCLC)
Classification number (OCLC) (R) ; Classification number, CALL (RLIN) (NR) S604
Local cutter number (OCLC) ; Book number/undivided call number, CALL (RLIN) .L49 2007
092 ## - LOCALLY ASSIGNED DEWEY CALL NUMBER (OCLC)
Classification number 631.58
Item number L683
100 1# - MAIN ENTRY--PERSONAL NAME
Personal name Leye, Melesse Temesgen,
Dates associated with a name 1964-
245 10 - TITLE STATEMENT
Title Conservation tillage systems and water productivity implications for smallholder farmers in semi-arid Ethiopia
Medium [electronic resource] :
Remainder of title DISSERTATION submitted in fulfilment of the requirements of the Board for Doctorates of Delft University of Technology and of the Academic Board of the UNESCO-IHE Instittue for Water Education for the Degree of DOCTOR, to be defended in public on Tuesday, 20 February 2007 at 10:00 hours in Delft, the Netherlands /
Statement of responsibility, etc. by Melesse Temesgen Leye.
260 ## - PUBLICATION, DISTRIBUTION, ETC. (IMPRINT)
Place of publication, distribution, etc. Leiden :
Name of publisher, distributor, etc. Taylor & Francis/Balkema,
Date of publication, distribution, etc. 2007.
300 ## - PHYSICAL DESCRIPTION
Extent xiii, 113 p. :
Other physical details ill. (some col.), maps (some col.)
504 ## - BIBLIOGRAPHY, ETC. NOTE
Bibliography, etc Includes bibliographical references (p. 99-110).
505 0# - FORMATTED CONTENTS NOTE
Formatted contents note Introduction -- Research background and hypotheses -- Traditional tillage systems of smallholder farmers in semi-arid areas of Ethiopia -- Maresha modified implements for conservation tillage -- Water productivity of strip tillage systems for maize production in semi-arid Ethiopia -- Water productivity of improved and minimum tillage systems for TEF production in semi-arid Ethiopia -- Conclusions and recommendations.
530 ## - ADDITIONAL PHYSICAL FORM AVAILABLE NOTE
Additional physical form available note Also available in print edition.
538 ## - SYSTEM DETAILS NOTE
System details note Mode of access: World Wide Web.
650 #0 - SUBJECT ADDED ENTRY--TOPICAL TERM
Topical term or geographic name as entry element Conservation tillage
Geographic subdivision Ethiopia.
650 #0 - SUBJECT ADDED ENTRY--TOPICAL TERM
Topical term or geographic name as entry element Soil management
Geographic subdivision Ethiopia.
650 #0 - SUBJECT ADDED ENTRY--TOPICAL TERM
Topical term or geographic name as entry element Arid regions agriculture
Geographic subdivision Ethiopia.
655 #7 - INDEX TERM--GENRE/FORM
Genre/form data or focus term Electronic books.
Source of term lcsh
776 1# - ADDITIONAL PHYSICAL FORM ENTRY
International Standard Book Number 9780415439466
776 1# - ADDITIONAL PHYSICAL FORM ENTRY
International Standard Book Number 0415439469
856 40 - ELECTRONIC LOCATION AND ACCESS
Uniform Resource Identifier <a href="http://marc.crcnetbase.com/isbn/9781439828540">http://marc.crcnetbase.com/isbn/9781439828540</a>
Electronic format type application/PDF

No items available.